Water-resources engineering / (Record no. 532273)
[ view plain ]
| 000 -LEADER | |
|---|---|
| fixed length control field | 00765pam a2200253 i 4500 |
| 003 - CONTROL NUMBER IDENTIFIER | |
| control field | Nust |
| 005 - DATE AND TIME OF LATEST TRANSACTION | |
| control field | 20191115114414.0 |
| 008 - FIXED-LENGTH DATA ELEMENTS--GENERAL INFORMATION | |
| fixed length control field | 170216b xxu||||| |||| 00| 0 eng d |
| 020 ## - INTERNATIONAL STANDARD BOOK NUMBER | |
| International Standard Book Number | 0070379653 |
| 038 ## - RECORD CONTENT LICENSOR | |
| Staff Name | MSOHAIL |
| 040 ## - CATALOGING SOURCE | |
| Transcribing agency | Nust |
| 082 00 - DEWEY DECIMAL CLASSIFICATION NUMBER | |
| Classification number | 627 |
| Author Mark | LIN |
| 100 1# - MAIN ENTRY--PERSONAL NAME | |
| Personal name | Linsley, Ray K. |
| 9 (RLIN) | 2147 |
| 245 10 - TITLE STATEMENT | |
| Title | Water-resources engineering / |
| Statement of responsibility, etc. | Ray K. Linsley, Joseph B. Franzini. |
| 250 ## - EDITION STATEMENT | |
| Edition statement | 4th ed. |
| 260 ## - PUBLICATION, DISTRIBUTION, ETC. | |
| Place of publication, distribution, etc. | New York : |
| Name of publisher, distributor, etc. | McGraw-Hill, |
| Date of publication, distribution, etc. | 1985. |
| 300 ## - PHYSICAL DESCRIPTION | |
| Extent | xii, 716 p. : |
| Other physical details | ill. ; |
| Dimensions | 24 cm. |
| 490 0# - SERIES STATEMENT | |
| Series statement | McGraw-Hill series in water resources and environmental engineering |
| 650 #0 - SUBJECT ADDED ENTRY--TOPICAL TERM | |
| Topical term or geographic name entry element | Hydraulic engineering. |
| 9 (RLIN) | 3526 |
| 650 #0 - SUBJECT ADDED ENTRY--TOPICAL TERM | |
| Topical term or geographic name entry element | MCE |
| 9 (RLIN) | 379 |
| 650 #0 - SUBJECT ADDED ENTRY--TOPICAL TERM | |
| Topical term or geographic name entry element | Water resources development. |
| 9 (RLIN) | 2496 |
| 700 1# - ADDED ENTRY--PERSONAL NAME | |
| Personal name | Franzini, Joseph B., |
| 9 (RLIN) | 20965 |
| 942 ## - ADDED ENTRY ELEMENTS (KOHA) | |
| Koha item type | Book |
| Source of classification or shelving scheme | |
| Withdrawn status | Lost status | Source of classification or shelving scheme | Damaged status | Not for loan | Permanent Location | Current Location | Date acquired | Total Checkouts | Full call number | Barcode | Date last seen | Price effective from | Koha item type |
|---|---|---|---|---|---|---|---|---|---|---|---|---|---|
| School of Civil and Environmental Engineering (SCEE) | School of Civil and Environmental Engineering (SCEE) | 11/15/2019 | 627 LIN | NIT-12209 | 11/15/2019 | 11/15/2019 | Book |
